Представление документа в формате MARC21

Поле Инд. ПП Название Значение
Тип записи a
Библиографический уровень a
001 Контрольный номер RU/IS/BASE/118768902
005 Дата корректировки 20240312091839.1
084 a Индекс другой классификации/Индекс ББК 81в
090 00 a Полочн. индекс 81я43
x Авторский знак П 781
100 10 a Автор Чикобава Арн.
245 00 a Заглавие Лингвистика как интегральная наука о языке
650 04 a Основная рубрика филологические науки; языкознание
a Основная рубрика общее языкознание
653 00 a Ключевые слова значение
a Ключевые слова лексическое значение
a Ключевые слова методология языкознания
a Ключевые слова семантические категории
a Ключевые слова языковой знак
773 00 d Дата издания источника Москва, 1967
g Прочая информация С. 15-19
t Заглавие источника Проблемы языкознания
w Контрольный № источника RU/IS/BASE/102085341
901 t Тип документа a